000 00992nas a2200277 4500
001 BR8704877
003 BR-BrBNA
005 20231205090727.0
007 ta
008 230509b bl.|||p| |||| 00| 00por d
040 _aBR-BrBNA
_bpor
_cBiblioteca Nacional de Agricultura
041 _a(Pt)
072 _aL73
100 1 _aNader Filho, A.
100 1 _aRossi Junior, O.D.
100 1 _aSchocken-Iturrino, R.P.
100 1 _aAmaral, L.A. do
245 1 _aSensibilidade dos Staphylococcus aureus, isolados em casos de mastite bovina, a acao de antibioticos e quimioterapicos
246 1 _aSensitivity of Staphylococcus aureus, isolated from bovine mastitis cases to antibiotics and chemotherapeutics
650 _aBOVINO
650 _aMAMITE
650 _aANTIBIOTICO
773 0 _tArquivo Brasileiro de Medicina Veterinaria e Zootecnia (Brazil)
_xISSN 0102-0935
_g(Aug 1986), v. 38(4) p. 581-588
_wBR8704877
909 _a202311
_bLúcia
_c55
_dLúcia Elande
942 _2AGRIS
_n0
_cANA
999 _c120489
_d120489